Normal view MARC view
  • Brey, Barry B , Sarma, C.R

Entry Personal Name

Number of records used in: 1

001 - CONTROL NUMBER

  • control field: 63795

003 - CONTROL NUMBER IDENTIFIER

  • control field: NUST

005 - DATE AND TIME OF LATEST TRANSACTION

  • control field: 20210628203158.0

008 - FIXED-LENGTH DATA ELEMENTS

  • fixed length control field: 210628|| aca||aabn | a|a d

040 ## - CATALOGING SOURCE

  • Original cataloging agency: NUST
  • Transcribing agency: NUST

100 ## - HEADING--PERSONAL NAME

  • Personal name: Brey, Barry B , Sarma, C.R

670 ## - SOURCE DATA FOUND

  • Source citation: Work cat.: (NUST): Brey, Barry B , Sarma, C.R, The intel microporcessors 8086/8088, 80186/80188, 80286, 80386, 80486, pentium, pentium pro porcessor, pentium ii, pentium iii, and pentium 4 , architecture , programming and interfacing, 2005
© 2023 Central Library, National University of Sciences and Technology. All Rights Reserved.